Phương pháp hình thành kĩ năng - kĩ xảo vận động cho trẻ mầm non

Αποθηκεύτηκε σε:
Λεπτομέρειες βιβλιογραφικής εγγραφής
Κύριος συγγραφέας: Đặng, Hồng Phương
Μορφή: Βιβλίο
Γλώσσα:Undetermined
Έκδοση: H. ĐH Sư phạm 2006
Θέματα:
Διαθέσιμο Online:http://lrc.tdmu.edu.vn/opac/search/detail.asp?aID=2&ID=4330
Ετικέτες: Προσθήκη ετικέτας
Δεν υπάρχουν, Καταχωρήστε ετικέτα πρώτοι!
Thư viện lưu trữ: Trung tâm Học liệu Trường Đại học Thủ Dầu Một
LEADER 00686nam a2200193Ia 4500
001 TDMU_4330
008 210410s9999 xx 000 0 und d
082 |a 372.21 
090 |b Đ116 
100 |a Đặng, Hồng Phương 
245 0 |a Phương pháp hình thành kĩ năng - kĩ xảo vận động cho trẻ mầm non 
245 0 |c Đặng Hồng Phương 
260 |a H. 
260 |b ĐH Sư phạm 
260 |c 2006 
300 |a 89tr. 
650 |a Giáo dục mầm non  |x Kỹ năng vận động 
856 |u http://lrc.tdmu.edu.vn/opac/search/detail.asp?aID=2&ID=4330 
980 |a Trung tâm Học liệu Trường Đại học Thủ Dầu Một